Cleverlands

Salvato in:
Dettagli Bibliografici
Autore principale: Crehan, Lucy
Natura: Libro
Lingua:inglese
Pubblicazione: London Unbound 2016
Soggetti:
Tags: Aggiungi Tag
Nessun Tag, puoi essere il primo ad aggiungerne!!

MARC

LEADER 00000nam a2200000 4500
001 0233257
005 20221107100834.8
020 |a 978-1-78352-273-6 
041 0 |a eng 
044 |a GB 
245 1 0 |a Cleverlands  |c Lucy Crehan 
264 1 |a London  |b Unbound  |c 2016 
300 |a 304 s. 
610 2 0 |a vzdelávanie 
610 2 0 |a školstvo 
610 2 0 |a úroveň vzdelanostná 
610 2 0 |a vyučovanie 
610 2 0 |a kvalita vzdelávania 
610 2 0 |a politika vzdelávania 
610 2 0 |a porovnanie medzinárodné 
100 1 |a Crehan, Lucy